B. I. Murstein: Who will marry whom? Theories and research in marital choice

Bibliographic Details
Main Authors: Kratochvíl, Stanislav, 1932- (Author), Murstein, B. I. (Author)
Format: Article
Language:Slovak
Subjects:

MARC

LEADER 00000nab a2200000 a 4500
001 vtls000013465
003 SK-MaSNL
005 20260304052703.0
008 250422c1978 xo 0 slo
015 |a SNBRB19rr/mm-uuuuu 
035 |a CL0023559 
035 |a urn:nbn:sk:snk-ab2st6 
035 |a (urnnbn)urn:nbn:sk:snk:ar-a02vzy 
035 |a (uuid)af620cc2-ea43-46f0-abe9-78ad8170e1c7 
040 |a SNKBUCL  |b slo  |c SNKBUCL  |e AACR2 
041 0 |a slo 
044 |a xo  |c SK 
080 |a 159.92  |2 1981 
080 |a 17  |2 1981 
100 1 |a Kratochvíl, Stanislav,  |d 1932-  |4 aut  |9 203245 
245 1 0 |a B. I. Murstein: Who will marry whom? Theories and research in marital choice  |c S. Kratochvíl ; B. I. Murstein 
650 0 7 |a manželstvo  |2 snkbucl  |9 659 
655 7 |a články z novín a časopisov  |2 snkbucl  |9 267496 
700 1 |a Murstein, B. I.  |4 aut  |9 1336203 
773 0 |t Psychológia a patopsychológia dieťaťa  |g Roč. 13, č. 4 (1978), s. 338-339 
787 0 8 |i Rec.:  |a Murstein, B. I.  |t Who will marry whom? Theories and research in marital choice  |d New York : Springer, 1976 
850 |a Slovenská národná knižnica 
852 |a Slovenská národná knižnica 
954 |a odborná, vedecká literatúra pôvodná (slovenská)  |2 lita 
958 |a article2022 
958 |a RK 
958 |a OND 
958 |a EUIPO 
992 |a RBX 
999 |c 2709416  |d 2711346